1374 1826 1165 1303 1574 1891 1408 1538 1642 1498 1424 1789 1914 1976 1119 1287 1764 1583 1390 1332 1143 1368 1468 1742 1040 1414 1652 1069 1693 1514 1678 1307 1915 1371 1776 1269 1926 1469 1544 1503 1452 1049 1119 1670 1164 1626 1986 1284 1823 1205 1359 1517 1111 1679 1198 1239 1098 1754 1408 1030 1608 1414 1589 1492 1355 1010 1171 2000 1514 1939 1860 1362 1467 1176 1540 1448 1863 1740 1561 1864 1930 1630 1402 1384 1307 1629 1501 1125 1107 1844 1508 1794 1153 1823 1766 1630 1562 1797 1890 BCNSPRNW ULIB Ver.6.0+V

เปลี่ยนเป็นภาษาไทย

Change to English
 แสดงรายละเอียดบรรณานุกรม
  กลับหน้าหลัก

Brief Record : Get Marc (ISO 2709) : E-mail record : QR code < ปิดหน้าต่าง
LEADER : 00000nam 2200000uu 4500
001    13399122723
003     ULIB
008    020711s2555 th a 000 0 tha d
020    9786162132469
050  4 DS520^bบ273ก
100    บัวบูชา
245    การ์ดเกมส์เสริมความรู้อาเซียน/^cบัวบูชา
250    พิมพ์ครั้งที่ 1
260    กรุงเทพฯ :^bสกายบุ๊กส์,^c2555
440  0 ชุด ประชาคมอาเซียนฉบับการ์ตูน
650  7 อาเซียน^xเสริมความรู้
650  7 อาเซียน^xการ์ดเกมส์
945    ^p159^l0^i20165
999    ^aทศพร เกษรทอง
รายการนี้ยังไม่มีแท็ก
คุณยังไม่ได้ล็อกอิน คุณสามารถมีกิจกรรมร่วมกับเว็บไซต์ได้ แต่ต้องล็อกอินก่อน ::
  ล็อกอิน

รายการสื่อสารสนเทศ

ลำดับที่ ประเภท เลขเรียก/บาร์โค้ด สถานที่ สถานะ
1. การศึกษาทั่วไป
การศึกษาทั่วไป
DS520 บ273ก ฉ.1 
  Barcode: 20165
ห้องสมุดวิทยาเขตนครสวรรค์
►หนังสือทั่วไป:l:General Books
บนชั้น

รายการใกล้เคียง
    ผู้แต่ง [บัวบูชา]

BibComment


ยังไม่เคยถูกคอมเมนท์

คอมเมนท์ทรัพยากรรายการนี้
  คอมเมนท์: การ์ดเกมส์เสริมคว..


 Copyright 2026. Bcnsprnw @Library